Integrovaný záchranný systém ČR na počátku 21. století
| Main Authors: | , , |
|---|---|
| Format: | Electronic eBook |
| Language: | Czech |
| PhysicalDescription: | 1 online resource (189 pages) illustrations |
| Published: |
Prague
Karolinum
2014
2014 |
| ISBN: | 9788024626031 8024626039 |
| Edition: | 1. vyd. |
| Subjects: | |
| Online Access: | EBSCOhost |
MARC
| LEADER | 00000cam a2200000Ia 4500 | ||
|---|---|---|---|
| 001 | vtls010659766 | ||
| 003 | SK-MaSNL | ||
| 005 | 20260302013605.0 | ||
| 007 | cr cnu---unuuu | ||
| 008 | 251104t2014 xr a o 000 0 cze | ||
| 020 | |z 9788024624778 | ||
| 020 | |a 9788024626031 |q electronic bk. | ||
| 020 | |a 8024626039 |q electronic bk. | ||
| 035 | |a (OCoLC)884588823 | ||
| 035 | |a (VRT)ocn884588823 | ||
| 040 | |a SNK |b slo |e rda |c SNK | ||
| 043 | |a e-xr--- | ||
| 049 | |a MAIN | ||
| 050 | 4 | |a TL553.8 |b .V553 2014eb | |
| 072 | 7 | |a BUS |x 032000 |2 bisacsh | |
| 072 | 7 | |a SOC |x 000000 |2 bisacsh | |
| 080 | |a 363.3481 |2 23 | ||
| 100 | 1 | |a Vilášek, Josef |4 aut |9 657115 | |
| 245 | 1 | 0 | |a Integrovaný záchranný systém ČR na počátku 21. století |c Josef Vilásek, Milos Fiala, David Vondrásek |
| 250 | |a 1. vyd. | ||
| 260 | |a Prague |b Karolinum |c 2014 | ||
| 264 | 4 | |c 2014 | |
| 300 | |a 1 online resource (189 pages) |b illustrations | ||
| 336 | |a text |2 rdacontent | ||
| 337 | |a computer |2 rdamedia | ||
| 338 | |a online resource |2 rdacarrier | ||
| 588 | |a Description based on online resource; title from PDF cover (ebrary, viewed July 9, 2014) | ||
| 588 | 0 | |a Print version record | |
| 650 | 0 | 7 | |a Search and rescue operations |z Czech Republic |y 21st century |2 SNK |9 657116 |
| 650 | 0 | 7 | |a Rescuers |2 SNK |9 325259 |
| 650 | 0 | 7 | |a BUSINESS & ECONOMICS / Infrastructure |2 bisacsh |9 657117 |
| 650 | 0 | 7 | |a SOCIAL SCIENCE / General |2 bisacsh |9 553878 |
| 650 | 0 | 7 | |a integrovaný záchranný systém |2 SNKPH |9 4280 |
| 651 | 7 | |a Praha (Česko) |2 SNKPHgeo |9 19313 | |
| 651 | 7 | |a Česko |2 SNKPHgeo |9 16753 | |
| 651 | 7 | |a Prague (Czech Republic) |x History |y 21st century |2 SNK |9 657118 | |
| 655 | 7 | |a kolektívne monografie |2 SNKPH |9 249850 | |
| 655 | 7 | |a elektronické zdroje |2 SNKPH |9 90954 | |
| 655 | 7 | |a Electronic books |2 SNK |9 333512 | |
| 700 | 1 | |a Fiala, Miloš, |d 1941- |4 aut |9 657119 | |
| 700 | 1 | |a Vondrášek, David, |d 1974- |4 aut |9 657120 | |
| 776 | 0 | 8 | |i Print version: |a Vilášek, Josef |t Integrovaný záchranný systém ČR na počátku 21. století |b Vydání první |
| 856 | 4 | 0 | |3 EBSCOhost |u http://han5.savba.sk/han/ebsco/search.ebscohost.com/login.aspx?direct=true&db=nlebk&AN=862166&lang=cs&site=eds-live |
| 938 | |a ebrary |b EBRY |n ebr10887142 | ||
| 938 | |a EBSCOhost |b EBSC |n 862166 | ||
| 999 | |c 1013613 |d 1015543 | ||
| 952 | |a SNK |b SNK |y NEVYP |7 1 |o snkIEZ 36 |i snk2015/23419 |8 3 |g 15.00 |0 0 |1 0 |4 0 |d 2015-07-31 |l 0 |r 2026-02-24 13:00:27 |w 2026-02-24 | ||


